Statistiques concernant Pays asiatiques ayant le moins de frontières

Cliquez ici pour prendre le quiz!

Statistiques générales

  • Ce quiz a été pris 6 848 fois
  • Le résultat moyen est 8 sur 12

Statistiques - réponses

Pays% Correct
0Japon
94%
1Corée du Sud
88%
0Sri Lanka
84%
0Philippines
79%
0Taïwan
79%
0Singapour
76%
1Brunei
69%
0Maldives
65%
1Timor oriental
65%
1Qatar
59%
0Bahreïn
52%
0Chypre
38%

Distribution des résultats

Percentile par nombre de réponses

% des personnes avec chaque résultat

Votre développement - résultats

Vous n’avez pas pris ce quiz